08223 2204069 4500001002100000005001500021035002000036008004100056245004100097100001900138250000600157260003200163300001200195020002200207084001400229082000800243650001400251990001200265990001200277990001200289990001200301990001200313990001200325990001200337990001200349990001200361990001200373990001200385990001200397990001200409990001200421990001200433990001200445990001200457990001200469990001200481990001200493990001200505990001200517990001200529990001200541990001200553990001200565990001200577990001200589990001200601990001200613990001200625990001200637990001200649990001200661990001200673990001200685990001200697990001200709990001200721990001200733990001200745990001200757990001200769990001200781990001200793990001200805990001200817990001200829990001200841990001200853990001200865990001200877990001200889990001200901990001200913990001200925990001200937990001200949990001200961990001200973990001200985990001200997990001201009990001201021990001201033990001201045990001201057990001201069990001201081990001201093990001201105990001201117990001201129990001201141990001201153990001201165990001201177990001201189990001201201990001201213990001201225990001201237990001201249990001201261990001201273990001201285990001201297990001201309990001201321990001201333990001201345990001201357990001201369990001201381990001201393990001201405990001201417990001201429990001201441990001201453990001201465990001201477990001201489990001201501990001201513990001201525990001201537990001201549990001201561990001201573990001201585990001201597990001201609990001201621990001201633990001201645990001201657990001201669990001201681990001201693990001201705990001201717990001201729990001201741990001201753990001201765990001201777990001201789990001201801990001201813990001201825990001201837990001201849990001201861990001201873990001201885990001201897990001201909990001201921990001201933990001201945990001201957990001201969990001201981990001201993990001202005990001202017990001202029990001202041990001202053990001202065990001202077990001202089990001202101990001202113990001202125990001202137990001202149990001202161990001202173990001202185990001202197990001202209990001202221990001202233990001202245990001202257990001202269990001202281990001202293990001202305990001202317990001202329990001202341990001202353990001202365990001202377990001202389990001202401990001202413990001202425990001202437990001202449990001202461990001202473990001202485990001202497990001202509990001202521990001202533990001202545990001202557990001202569990001202581990001202593990001202605990001202617990001202629990001202641990001202653990001202665990001202677990001202689990001202701990001202713990001202725990001202737990001202749990001202761990001202773990001202785990001202797990001202809990001202821990001202833990001202845990001202857990001202869990001202881990001202893990001202905990001202917990001202929990001202941990001202953990001202965990001202977990001202989990001203001990001203013990001203025990001203037990001203049990001203061990001203073990001203085990001203097990001203109990001203121990001203133990001203145990001203157990001203169990001203181990001203193990001203205990001203217990001203229990001203241990001203253990001203265990001203277990001203289990001203301990001203313990001203325990001203337990001203349990001203361990001203373990001203385990001203397990001203409990001203421990001203433990001203445990001203457990001203469990001203481990001203493990001203505990001203517990001203529990001203541990001203553990001203565990001203577990001203589990001203601990001203613990001203625990001203637990001203649990001203661990001203673990001203685990001203697990001203709990001203721990001203733990001203745990001203757990001203769990001203781990001203793990001203805990001203817990001203829990001203841990001203853990001203865990001203877990001203889990001203901990001203913990001203925990001203937990001203949990001203961990001203973990001203985990001203997990001204009990001204021990001204033990001204045990001204057990001204069990001204081990001204093990001204105990001204117990001204129990001204141INLIS00000000000137220240626094812 a0010-0624000004240626 0 ind 1 aMatematika Kelas XI /cDicky Susanto aSusanto, Dicky a1 aJakarta :bKEMDIKBUD,c2021 a152 hlm a978-602-244-536-4 a510 DIC m a510 4aNon Fiksi a0748741 a0748742 a0748743 a0748744 a0748745 a0748746 a0748747 a0748748 a0748749 a0748750 a0748751 a0748752 a0748753 a0748754 a0748755 a0748756 a0748757 a0748758 a0748759 a0748760 a0748761 a0748762 a0748763 a0748764 a0748765 a0748766 a0748767 a0748768 a0748769 a0748770 a0748771 a0748772 a0748773 a0748774 a0748775 a0748776 a0748777 a0748778 a0748779 a0748780 a0748781 a0748782 a0748783 a0748784 a0748785 a0748786 a0748787 a0748788 a0748789 a0748790 a0748791 a0748792 a0748793 a0748794 a0748795 a0748796 a0748797 a0748798 a0748799 a0748800 a0748801 a0748802 a0748803 a0748804 a0748805 a0748806 a0748807 a0748808 a0748809 a0748810 a0748811 a0748812 a0748813 a0748814 a0748815 a0748816 a0748817 a0748818 a0748819 a0748820 a0748821 a0748822 a0748823 a0748824 a0748825 a0748826 a0748827 a0748828 a0748829 a0748830 a0748831 a0748832 a0748833 a0748834 a0748835 a0748836 a0748837 a0748838 a0748839 a0748840 a0748841 a0748842 a0748843 a0748844 a0748845 a0748846 a0748847 a0748848 a0748849 a0748850 a0748851 a0748852 a0748853 a0748854 a0748855 a0748856 a0748857 a0748858 a0748859 a0748860 a0748861 a0748862 a0748863 a0748864 a0748865 a0748866 a0748867 a0748868 a0748869 a0748870 a0748871 a0748872 a0748873 a0748874 a0748875 a0748876 a0748877 a0748878 a0748879 a0748880 a0748881 a0748882 a0748883 a0748884 a0748885 a0748886 a0748887 a0748888 a0748889 a0748890 a0748891 a0748892 a0748893 a0748894 a0748895 a0748896 a0748897 a0748898 a0748899 a0748900 a0748901 a0748902 a0748903 a0748904 a0748905 a0748906 a0748907 a0748908 a0748909 a0748910 a0748911 a0748912 a0748913 a0748914 a0748915 a0748916 a0748917 a0748918 a0748919 a0748920 a0749245 a0749246 a0749247 a0749248 a0749249 a0749250 a0749251 a0749252 a0749253 a0749254 a0749255 a0749256 a0749257 a0749258 a0749259 a0749260 a0749261 a0749262 a0749263 a0749264 a0749265 a0749266 a0749267 a0749268 a0749269 a0749270 a0749271 a0749272 a0749273 a0749274 a0749275 a0749276 a0749277 a0749278 a0749279 a0749280 a0749281 a0749282 a0749283 a0749284 a0749285 a0749286 a0749287 a0749288 a0749289 a0749290 a0749291 a0749292 a0749293 a0749294 a0749295 a0749296 a0749297 a0749298 a0749299 a0749300 a0749301 a0749302 a0749303 a0749304 a0749305 a0749306 a0749307 a0749308 a0749309 a0749310 a0749311 a0749312 a0749313 a0749314 a0749315 a0749316 a0749317 a0749318 a0749319 a0749320 a0749321 a0749322 a0749323 a0749324 a0749325 a0749326 a0749327 a0749328 a0749329 a0749330 a0749331 a0749332 a0749333 a0749334 a0749335 a0749336 a0749337 a0749338 a0749339 a0749340 a0749341 a0749342 a0749343 a0749344 a0749345 a0749346 a0749347 a0749348 a0749349 a0749350 a0749351 a0749352 a0749353 a0749354 a0749355 a0749356 a0749357 a0749358 a0749359 a0749360 a0749361 a0749362 a0749363 a0749364 a0749365 a0749366 a0749367 a0749368 a0749369 a0749370 a0749371 a0749372 a0749373 a0749374 a0749375 a0749376 a0749377 a0749378 a0749379 a0749380 a0749381 a0749382 a0749383 a0749384 a0749385 a0749386 a0749387 a0749388